All Nemzzz Songs - Statistics

General Stats
  • This quiz has been taken 70 times
  • The average score is 20 of 96
Answer Stats
Answer % Correct
Cold
68%
Dilemma
65%
2MS
60%
2MS
60%
DND
60%
Elevate
58%
L's
58%
PTSD
58%
Escape
48%
Evicted
45%
FYP
45%
Its us
43%
Turks and Caicos
43%
Motion
40%
Money and Vibes
38%
Paid
38%
Spinnin
38%
Spinnin
38%
Nemzzz Type Beat
35%
Redemption
35%
8AM in manny
33%
Miami
33%
WYA
33%
ETA
30%
Mayfair
30%
Bad Decisions
28%
DOOM
28%
Get money
28%
Bad gal RIRI
25%
No Detail
25%
Reassurance
25%
Star Sign
25%
Applause
23%
Back that
23%
DL4V
23%
DTM
23%
Sorry
23%
Therapy
23%
Us vs them
23%
ATM
20%
BMF
20%
Ego
20%
On the radar freestyle
20%
Reflection
20%
Sample
20%
Taste
20%
Venice
20%
ABC
18%
Chant
18%
DND Pt.2
18%
Fenty Beauty
18%
I know you care
18%
last time
18%
OMG
18%
Stop it!
18%
Brilliant Mind 2
15%
Commit
15%
LSW
15%
Need you
15%
OKOK
15%
Body
13%
Kitchen Stove
13%
paranoid
13%
1942
10%
3am
10%
Like Dat
10%
Love You More
10%
Maintenance man
10%
Maintenance man
10%
W2L
10%
Don't lie
8%
1 Flow
5%
Daily Duppy
5%
Deep end
5%
Figura publica
5%
Headline
5%
No replies
5%
Pull up
5%
transparent
5%
We move
5%
cant slip
3%
nonchalant
3%
no ratings
3%
No Refunds
3%
Trenchezzz
3%
Youngest in charge(freestyle)
3%
All on me
0%
Beckham (UK Mix)
0%
Brilliant Mind 2 (HoodTrapMIX)
0%
Dance
0%
Dilemma (original)
0%
Get ugly
0%
Head n' shoulders pt.ll
0%
Jawlineshakin
0%
Kritikal
0%
Untitled 1
0%
No matching quizzes found
Score Distribution
Percent of People with Each Score
Percentile by Number Answered
Your Score History
You have not taken this quiz